Bharatiy Swatantra Ladhyatil Striyanche Yogdan -Maharashtra (Record no. 158903)

MARC details
000 -LEADER
fixed length control field 00379nam a2200133Ia 4500
008 - FIXED-LENGTH DATA ELEMENTS--GENERAL INFORMATION
fixed length control field 230519s9999 xx 000 0 und d
041 ## - LANGUAGE CODE
Language code of text/sound track or separate title eng
082 ## - DEWEY DECIMAL CLASSIFICATION NUMBER
Classification number X/891/YED/DB0076
100 ## - MAIN ENTRY--PERSONAL NAME
Personal name Yedekar Sham
9 (RLIN) 180242
245 ## - TITLE STATEMENT
Title Bharatiy Swatantra Ladhyatil Striyanche Yogdan -Maharashtra
260 ## - PUBLICATION, DISTRIBUTION, ETC. (IMPRINT)
Name of publisher, distributor, etc. Rajhans Prakashan
Place of publication, distribution, etc. Kolhapur
Date of publication, distribution, etc. 2007
300 ## - PHYSICAL DESCRIPTION
Extent 435p
Holdings
Withdrawn status Lost status Damaged status Not for loan Collection code Home library Current library Date acquired Cost, normal purchase price Bill number Total Checkouts Full call number Barcode Date last seen Bill Date Koha item type Original Barcode
          Smt. Bakul Tambat Institute of Nursing Education Smt. Bakul Tambat Institute of Nursing Education 12/04/2010 300.00 338   X 891 YED DB0076 BTIN-DB-76 19/05/2023 04/02/2010 Donated Book DB0076